US News 2025 Top 50 Countries With The Best Food - Statistics

General Stats
  • This quiz has been taken 84 times
  • The average score is 39 of 50
Answer Stats
# Countries % Correct
🥉 Mexico
99%
#13 Japan
97%
#28 United States
97%
#7 France
96%
🥇 Italy
96%
🥈 Spain
94%
#18 China
93%
#12 India
93%
#10 Argentina
92%
#9 Brazil
92%
#30 Australia
90%
#47 Canada
90%
#46 Germany
90%
#6 Greece
90%
#5 Turkey
90%
#16 Indonesia
89%
#22 Chile
88%
#4 Thailand
88%
#11 Morocco
86%
#8 Portugal
86%
#44 South Africa
86%
#17 South Korea
86%
#25 Egypt
85%
#20 Philippines
85%
#14 Vietnam
83%
#21 Colombia
81%
#39 New Zealand
78%
#23 Peru
78%
#42 Switzerland
78%
#33 Austria
76%
#29 Belgium
76%
#15 Malaysia
76%
#36 Ireland
74%
#48 Netherlands
71%
#19 Singapore
68%
#38 Algeria
67%
#31 Croatia
64%
#41 United Arab Emirates
64%
#40 Saudi Arabia
63%
#45 Dominican Republic
61%
#24 Hungary
61%
#26 Lebanon
61%
#43 Bulgaria
58%
#35 Romania
58%
#34 Tunisia
58%
#49 Cambodia
57%
#37 Uruguay
57%
#27 Cyprus
56%
#50 Sri Lanka
56%
#32 Costa Rica
50%
No matching quizzes found
Score Distribution
Percent of People with Each Score
Percentile by Number Answered
Your Score History
You have not taken this quiz